| 000 | 00571nam a22001937a 4500 | ||
|---|---|---|---|
| 003 | OSt | ||
| 005 | 20180116183042.0 | ||
| 008 | 160223b xxu||||| |||| 00| 0 eng d | ||
| 020 | _a30-122-2013-1 | ||
| 040 | _cLahore University of Management Sciences. | ||
| 050 | _a174.4 | ||
| 082 | _a174.4 LUMS 2013 | ||
| 100 | _aRana Ahsan. | ||
| 245 |
_aMONITORING AND EVALUATION IN THE PUNJAB HEALTH DEPARTMENT . _cDr.Ahsan Rana. |
||
| 260 |
_aLahore. _bLahore University of Management Sciences. _c2013. |
||
| 300 | _a21p. | ||
| 500 | _aPaper Cover | ||
| 942 |
_2ddc _cCS _k174.4 |
||
| 999 |
_c351284 _d351284 |
||